000 00597nam a2200193 a 4500
005 20140412111303.0
008 010424s19uu xx 00 eng d
020 _a0-679-87243-4
050 _aTR(PS E
_bQu4 1996
100 _aArnold, Marsha
245 _aQuick, quack, quick! /
_cby Marsha Arnold ; illustrated by Lisa McCue.
260 _aNew York :
_bRandom House,
_c1996.
300 _a32p. ; ill.
440 _aStep into reading, Step 1 book
520 _aA very slow duckling saves his family during a crisis.
650 _aDucks-Fiction
650 _aSpeed-Fiction
999 _c103498
_d103498